| 000 | 00360nam a2200157Ia 4500 | ||
|---|---|---|---|
| 005 | 20250703155805.0 | ||
| 008 | 240331s9999 xx 000 0 und d | ||
| 020 | _a95591350301 | ||
| 082 |
_bBAN _a891 |
||
| 100 | _aBandara,C | ||
| 245 | 0 | _aWana sapu mala | |
| 260 |
_aKotte _bPinidiya Publishers _c1992 |
||
| 300 | _a118 p., | ||
| 650 | _aA Novel | ||
| 942 | _cL | ||
| 999 |
_c4930 _d4930 |
||